000 00870nam a2200229 a 4500
001 000041988
005 20201002035852.0
008 130725s1995 sp a 001 0 spa d
020 _a8400072014
040 _aDO-SdBNP
_bspa
_cBNPHU
100 1 _aMartínez Fría, J.
_968929
245 1 0 _aSulfuros y sulfusales de metales nobles /
_cJ. Martínez Frías, J. D. Martín Ramos.
260 _aMadrid :
_bConsejo Superior de Investigaciones Científicas.,
_c1995.
300 _a302 p. :
_bil. ;
_c22 cm.
490 1 _aTextos universitarios
_v23
500 _aIncluye referencias bibliográficas y notas al pie de las páginas
500 _aIncluye índice
504 _aBibliografía : p. 264-295
700 1 _aMartín Ramos, J. D.
_eed.
_968930
710 2 _aConsejo Superior de Investigaciones Científicas (España)
_915178
830 0 _aTextos universitarios
_v23
_91147
999 _c41477
_d41477